000 00517nam a2200181Ia 4500
008 090630s9999 xx 000 0 und d
082 _b15655
100 _aजोगळेकर शरद.
245 _aसुगंध.
_cजोगळेकर शरद.
260 _bनुतन.
300 _a0
600 _aजोगळेकर शरद.
630 _aसुगंध.
655 _aलघुकथा.
700 _aजोगळेकर शरद.
730 _aसुगंध.
942 _cBOOK
999 _c267511
_d267511